Map of North America with Country Flags - Statistics

General Stats
  • This quiz has been taken 412 times
    370 since last reset
  • The average score is 4 of 7
Answer Stats
Flag Country % Correct
Greenland
75%
Canada
73%
United States
72%
Bahamas
43%
Bermuda
39%
Saint Pierre and Miquelon
32%
Turks and Caicos Islands
20%
No matching quizzes found
Score Distribution
Percent of People with Each Score
Percentile by Number Answered
Your Score History
You have not taken this quiz since the last reset